000 01221nam a22002297a 4500
999 _c21697
_d21697
003 AR-CdUCM
008 190425b ||||| |||| 00| 0 spa d
040 _aMUNICIPALIDAD PROVINCIAL DEL CUSCO
_cBIBLIOTECA MUNICIPAL DEL CUSCO
082 _aRev.Univ/N°21/1917
_bRev.Univ/N°21/1917
110 _aUniversidad Nacional de San Antonio Abad del Cusco
_915942
245 _aRevista Universitaria :
_bÓrgano de la Universidad del Cuzco /
260 _aCusco :
_bEl Trabajo,
_csetiembre 1917.
300 _a50 páginas. :
_c20 cm.
440 _aRevista Universitaria
_nAño VI, setiembre 1917, N°21
_945804
505 _aContenido: Las Universidades menores. Cesar Antonio Ugarte. -- El Pacha lloqque y su porvenir industrial. Fortunato L. Herrera. -- Fragmentos de las monografías de la provincia de La Convención. Enrique Rosell. -- Formas del arrendamiento de terrenos de cultivo en el departamento Cuzco i el problema de la distribución. Francisco Ponce de León. -- Crónica universitaria.
650 _aHistoria de La Convención
_924367
650 _aUniversidades
_92151
650 _aSiglo XX
_945802
710 _aUniversidad Nacional de San Antonio Abad del Cusco
_915942
942 _2ddc
_cPP
945 _arac